00796nam a2200217 i 4500001000300000100002200003245006800025250001500093260005900108300003600167521009500203650003400298655004200332015001500374020001500389040000800404041000800412080001900420008004100439856009800480bg1 aRUBEL, Stanisław10aPracownia chemiczna :banaliza ilościowa /cStanisław Rubel. aWyd. 4 zm. aWarszawa :bWydawnictwa Szkolne i Pedagogiczne,c1993. a192 s. :brys., wykr. ;c24 cm. aPodręcznik dla uczniów średnich szkół zawodowych o specjalnościach chemicznych. 9aAnaliza chemiczna ilościowa aPodręczniki dla szkół zawodowych aPB 8381/99 a8302051136 cBPK0 apol a543.062(075.3) s pl f |000 0 pol  uhttp://koha.tu.koszalin.pl/cgi-bin/koha/opac-detail.pl?biblionumber=46973yKatalog online BPK